00338 a2200145 450000100060000002000180000604000260002410000320005024000310008224500260011330000070013936200090014644000130015565000240016818222 a9788537306369 cAnchieta - Bela Vista aMelo, Bartolomeu Correia de10aA roupa da carimbambalpor10aA roupa da carimbamba a280 a2009 1aBagaço 4aLiteratura infantil